Los obreros del comercio Un anl̀isis histr̤ico-jurd̕ico de la dependencia mercantil Catalana /

Detalles Bibliográficos
Autor principal: Espuny Toms̀, Mara̕ Jess︢
Formato: eBook
Lenguaje:español
Publicado: Piacenza : Dykinson, 2011
Materias:
Acceso en línea:Acceso restringido

MARC

LEADER 00000nam a22000007a 4500
005 20120808132457.0
007 cr|||| ||||
008 120808s2011 sp |||||s|||| 00||0 spa d
020 |a 978-84-15455-01-1 
035 |a 6326 
040 |a vLex 
090 |c 3355  |d 3355 
100 1 |a  Espuny Toms̀, Mara̕ Jess︢ 
245 1 4 |a Los obreros del comercio  |h [Recurso electrn̤ico] :  |b Un anl̀isis histr̤ico-jurd̕ico de la dependencia mercantil Catalana /  |c Mara̕ Jess︢ Espuny Toms̀, Olga Paz Torres  
256 |a Servicio en ln̕ea 
260 |a Piacenza :  |b Dykinson,  |c 2011 
300 |a 1 recurso electrn̤ico 
650 0 4 |a Mercantilismo  |z Cataluą 
740 0 |a vLex Libros (Servicio en ln̕ea) 
856 4 0 |u http://vlex.com/source/obreros-comercio-analisis-historico-juridico-dependencia-mercantil-catalana-6326  |z Acceso restringido 
942 |c BOOK 
999 0 |a Mercantile system